Derechos humanos en el derecho penal chileno

Gardado en:
Detalles Bibliográficos
Autor Principal: Mera Figueroa, Jorge Alejandro (autor)
Formato: Libro
Idioma:Lingua castelá
Publicado: Santiago LexisNexis 1998
Subjects:
Tags: Engadir etiqueta
Sen Etiquetas, Sexa o primeiro en etiquetar este rexistro!

MARC

LEADER 00000nam a2200000 a 4500
001 UCL9406
003 CL-VaPUC
008 040806e19980000CL |||||||||||||||||spa|d
020 |a 9562381587 
082 0 4 |a 345.8305  |b MER  |2 21 
100 |a Mera Figueroa, Jorge Alejandro  |e autor  |9 560443 
245 1 0 |a Derechos humanos en el derecho penal chileno 
300 |a 227 p 
942 |c BK 
945 |d 20040806 00:00:00  |a cmena 
260 |a Santiago  |b LexisNexis  |c 1998 
650 7 |a DERECHO PENAL CHILENO  |2 CL-VaPUC  |9 487224 
650 0 |a Procedimiento penal  |9 254974 
650 0 |a Derechos humanos  |9 223025 
650 0 |a Prisión preventiva  |9 257600 
650 0 |a Jurisprudencia  |9 255952 
650 0 |a Sentencias  |9 256250 
651 7 |a CHILE  |2 CL-VaPUC  |9 487225 
583 |a last modification  |c 20040806 00:00:00  |k Rodrigo Vera 
999 |c 310200  |d 310198 
952 |0 0  |1 0  |4 0  |6 345_830500000000000_MER_1998  |7 0  |8 A  |9 378458  |a BIBDER  |b BIBDER  |d 2019-11-21  |i 4046617  |l 1  |m 5  |o 345.8305 MER 1998  |p 4046617  |q 2025-12-31  |r 2020-03-04  |s 2020-03-04  |w 2019-11-21  |y BK  |k DER